[Event "Oberliga Nord W 2122"]
[Site "Germany"]
[Date "2022.04.03"]
[Round "8.4"]
[White "Herrmann, Andreas"]
[Black "Van Son, Lutz"]
[Result "1/2-1/2"]
[WhiteElo "2057"]
[BlackElo "2178"]
[PlyCount "66"]
[EventDate "2021.10.10"]
[EventType "team-tourn"]
[EventRounds "9"]
[EventCountry "GER"]
[SourceTitle "EXT 2023"]
[Source "ChessBase"]
[SourceDate "2022.10.05"]
[SourceVersion "1"]
[SourceVersionDate "2022.10.05"]
[SourceQuality "1"]
[WhiteTeam "Hannover"]
[BlackTeam "Hameln"]
[WhiteTeamCountry "GER"]
[BlackTeamCountry "GER"]

1. d4 e6 2. Nf3 Nf6 3. c3 c5 4. Bf4 d5 5. e3 Nc6 6. Nbd2 Bd6 7. Bg5 Qb6 8. Rb1 cxd4 9. exd4 Bd7 10. Bd3 h6 11. Bh4 0-0-0 12. 0-0 Kb8 13. Re1 g5 14. Bg3 Bxg3 15. hxg3 Rdg8 16. Qe2 Ka8 17. Ne5 Nxe5 18. dxe5 Ne8 19. Nf3 Nc7 20. Nd4 h5 21. Ra1 g4 22. a4 Qc5 23. Qe3 Kb8 24. Bb5 Nxb5 25. axb5 b6 26. Qd3 h4 27. Ra3 hxg3 28. fxg3 Rg5 29. Rea1 Rxe5 30. Rxa7 Re1+ 31. Rxe1 Kxa7 32. Qf1 f5 33. Qf4 Re8 1/2-1/2

[Event "Oberliga Nord W 1920"]
[Site "Germany"]
[Date "2020.03.01"]
[Round "7.4"]
[White "Mueer, Sebastian"]
[Black "Van Son, Lutz"]
[Result "1-0"]
[WhiteElo "2194"]
[BlackElo "2144"]
[PlyCount "43"]
[EventDate "2019.09.29"]
[EventType "team-tourn"]
[EventRounds "9"]
[EventCountry "GER"]
[SourceTitle "CBM 195 Extra"]
[Source "ChessBase"]
[SourceDate "2020.05.31"]
[SourceVersion "1"]
[SourceVersionDate "2020.05.31"]
[SourceQuality "1"]

1. e4 e6 2. d4 d5 3. Nd2 Nf6 4. e5 Nfd7 5. c3 c5 6. Bd3 Nc6 7. Ne2 cxd4 8. cxd4 f6 9. exf6 Nxf6 10. 0-0 Bd6 11. Nf3 Qc7 12. Nc3 a6 13. Bd2 0-0 14. Rc1 Bd7 15. Re1 Rae8 16. Ne5 Qb6 17. Bg5 Bxe5 18. dxe5 Ne4 19. Bxe4 dxe4 20. Qxd7 Qxf2+ 21. Kh1 Qxb2 22. Bf6 1-0

[Event "Oberliga Nord W 1920"]
[Site "Germany"]
[Date "2020.02.09"]
[Round "6.4"]
[White "Van Son, Lutz"]
[Black "Brkic, Ante"]
[Result "0-1"]
[WhiteElo "2144"]
[BlackElo "2594"]
[PlyCount "120"]
[EventDate "2019.09.29"]
[EventType "team-tourn"]
[EventRounds "9"]
[EventCountry "GER"]
[SourceTitle "CBM 195 Extra"]
[Source "ChessBase"]
[SourceDate "2020.05.31"]
[SourceVersion "1"]
[SourceVersionDate "2020.05.31"]
[SourceQuality "1"]

1. e4 c5 2. Nf3 d6 3. Bb5+ Nd7 4. 0-0 a6 5. Bd3 Ngf6 6. c3 e5 7. Bc2 b5 8. d4 Be7 9. Bg5 0-0 10. Qe2 Bb7 11. Nbd2 Rc8 12. dxe5 dxe5 13. c4 Bc6 14. Rfd1 Qb6 15. b3 Rfe8 16. Bxf6 Bxf6 17. Nf1 g6 18. Ne3 Bg7 19. Nd5 Qb7 20. Rac1 Nf8 21. Bd3 Ne6 22. g3 b4 23. Qd2 a5 24. Kg2 a4 25. Qb2 Ra8 26. h4 h5 27. Re1 Ra6 28. Rcd1 Qc8 29. Kh2 Qa8 30. Bb1 axb3 31. axb3 Ra3 32. Rd2 Qb7 33. Qc2 Ra1 34. Qb2 Qa7 35. Ree2 Ra3 36. Qc2 Nf8 37. Rd1 Ne6 38. Rdd2 Nf8 39. Rd1 Bd7 40. Ne1 Bg4 41. f3 Bc8 42. Re3 Ne6 43. Qb2 Kh8 44. Nc2 Ra5 45. Red3 Ra6 46. Qc1 f5 47. Qe3 Qf7 48. Qg1 Rf8 49. exf5 gxf5 50. Re3 Rg8 51. Qe1 e4 52. fxe4 f4 53. Rf3 Be5 54. Nce3 Nd4 55. Rf1 f3 56. Kh1 Rxg3 57. Nf5 Rh3+ 58. Kg1 Qg6+ 59. Kf2 Qg2+ 60. Ke3 f2+ 0-1

[Event "Oberliga Nord W 1718"]
[Site "Germany"]
[Date "2017.11.12"]
[Round "3.3"]
[White "Van Son, Lutz"]
[Black "Stock, Joerg"]
[Result "1-0"]
[WhiteElo "2172"]
[BlackElo "2203"]
[PlyCount "65"]
[EventDate "2017.10.08"]
[EventType "team-tourn"]
[EventRounds "9"]
[EventCountry "GER"]
[SourceTitle "EXT 2019"]
[Source "ChessBase"]
[SourceDate "2018.10.10"]
[SourceVersion "1"]
[SourceVersionDate "2018.10.10"]
[SourceQuality "1"]
[WhiteTeam "Hameln"]
[BlackTeam "Hellern"]
[WhiteTeamCountry "GER"]
[BlackTeamCountry "GER"]

1. e4 c5 2. Nf3 e6 3. d4 cxd4 4. Nxd4 a6 5. Bd3 Nf6 6. 0-0 Qc7 7. Kh1 d6 8. c4 g6 9. Nc3 Bg7 10. f4 Nbd7 11. Be3 0-0 12. Rc1 Re8 13. Qd2 b6 14. Nde2 Bb7 15. Ng3 Rac8 16. b3 Qb8 17. f5 exf5 18. exf5 Qa8 19. Bd4 Ne5 20. Bb1 Nfg4 21. fxg6 hxg6 22. Be4 Bh6 23. Qc2 Bxc1 24. Qxc1 Bxe4 25. Ngxe4 Nd3 26. Qd1 f5 27. Qxd3 fxe4 28. Qh3 Ne5 29. Nd5 Rf8 30. Nf6+ Rxf6 31. Rxf6 Rf8 32. Bxe5 Qe8 33. Qh8+ 1-0

[Event "Oberliga Nord W 1718"]
[Site "Germany"]
[Date "2017.10.08"]
[Round "1.2"]
[White "Van Son, Lutz"]
[Black "Ackermann, Dennie"]
[Result "1-0"]
[WhiteElo "2172"]
[BlackElo "2172"]
[PlyCount "63"]
[EventDate "2017.10.08"]
[EventType "team-tourn"]
[EventRounds "9"]
[EventCountry "GER"]
[SourceTitle "EXT 2019"]
[Source "ChessBase"]
[SourceDate "2018.10.10"]
[SourceVersion "1"]
[SourceVersionDate "2018.10.10"]
[SourceQuality "1"]
[WhiteTeam "Hameln"]
[BlackTeam "Hannover"]
[WhiteTeamCountry "GER"]
[BlackTeamCountry "GER"]

1. e4 e5 2. Nc3 Nf6 3. f4 d5 4. fxe5 Nxe4 5. d3 Nxc3 6. bxc3 Be7 7. Nf3 0-0 8. Be2 c5 9. d4 Qa5 10. Bd2 c4 11. 0-0 Bg4 12. Qe1 Nc6 13. Qg3 Bh5 14. Rf2 Bg6 15. Bd1 f6 16. e6 Kh8 17. Nh4 Be4 18. Bf3 f5 19. Bh5 g5 20. Nf3 f4 21. Qh3 Bf5 22. Bg4 Be4 23. Bh5 Bf5 24. g4 Be4 25. Bf7 Kg7 26. Rb1 b6 27. Bxf4 gxf4 28. g5 Rxf7 29. Qh6+ Kg8 30. exf7+ Kxf7 31. Qxc6 Rf8 32. Ne5+ 1-0

[Event "Oberliga Nord W 1314"]
[Site "Germany"]
[Date "2014.04.06"]
[Round "9.5"]
[White "Steingraeber, Kai Uwe"]
[Black "Van Son, Lutz"]
[Result "1-0"]
[WhiteElo "2137"]
[BlackElo "2129"]
[PlyCount "59"]
[EventDate "2013.10.13"]
[EventType "team-tourn"]
[EventRounds "9"]
[EventCountry "GER"]
[SourceTitle "EXT 2015"]
[Source "ChessBase"]
[SourceDate "2014.11.20"]
[SourceVersion "1"]
[SourceVersionDate "2014.11.20"]
[SourceQuality "1"]
[WhiteTeam "Delmenhorst"]
[BlackTeam "Hameln"]
[WhiteTeamCountry "GER"]
[BlackTeamCountry "GER"]

1. e4 e6 2. d4 d5 3. Nc3 Bb4 4. e5 c5 5. a3 Bxc3+ 6. bxc3 Qc7 7. Qg4 f5 8. Qh5+ g6 9. Qd1 Bd7 10. Nf3 Ba4 11. Rb1 h6 12. c4 Ne7 13. Qd2 Nbc6 14. cxd5 Nxd5 15. c4 Nb6 16. d5 exd5 17. cxd5 0-0-0 18. d6 Qf7 19. Be2 g5 20. Bb2 Rhe8 21. Rc1 g4 22. Nh4 Nd7 23. Qf4 Qb3 24. Ba1 Ncxe5 25. 0-0 Nf3+ 26. Nxf3 Rxe2 27. Nd4 Re4 28. Rxc5+ Nxc5 29. Qxf5+ Bd7 30. Qxc5+ 1-0

[Event "Oberliga Nord W 1213"]
[Site "Germany"]
[Date "2012.12.09"]
[Round "4.5"]
[White "Van Son, Lutz"]
[Black "Juhnke, Karl"]
[Result "1/2-1/2"]
[WhiteElo "2078"]
[BlackElo "2146"]
[PlyCount "31"]
[EventDate "2012.10.14"]
[EventType "team-tourn"]
[EventRounds "9"]
[EventCountry "GER"]
[SourceTitle "EXT 2014"]
[Source "ChessBase"]
[SourceDate "2013.11.20"]
[SourceVersion "1"]
[SourceVersionDate "2013.11.20"]
[SourceQuality "1"]
[WhiteTeam "Hameln"]
[BlackTeam "Bremer SG"]
[WhiteTeamCountry "GER"]
[BlackTeamCountry "GER"]

1. e4 c5 2. Nf3 d6 3. Bb5+ Nd7 4. 0-0 Ngf6 5. Re1 a6 6. Bf1 b6 7. c4 Bb7 8. Nc3 e6 9. d4 cxd4 10. Qxd4 Qc7 11. b3 Be7 12. Bb2 0-0 13. Rad1 Rfd8 14. Bd3 Bf8 15. Bb1 Bc6 16. a4 1/2-1/2

[Event "Oberliga Nord W 1213"]
[Site "Germany"]
[Date "2012.11.11"]
[Round "2.6"]
[White "Meessen, Max"]
[Black "Van Son, Lutz"]
[Result "1/2-1/2"]
[WhiteElo "2182"]
[BlackElo "2078"]
[PlyCount "51"]
[EventDate "2012.10.14"]
[EventType "team-tourn"]
[EventRounds "9"]
[EventCountry "GER"]
[SourceTitle "EXT 2014"]
[Source "ChessBase"]
[SourceDate "2013.11.20"]
[SourceVersion "1"]
[SourceVersionDate "2013.11.20"]
[SourceQuality "1"]
[WhiteTeam "Oldenburg Union"]
[BlackTeam "Hameln"]
[WhiteTeamCountry "GER"]
[BlackTeamCountry "GER"]

1. d4 d5 2. c4 c6 3. Nf3 Nf6 4. Nc3 dxc4 5. a4 Bf5 6. Ne5 e6 7. f3 c5 8. e4 Bg6 9. Be3 cxd4 10. Qxd4 Qxd4 11. Bxd4 Nc6 12. Nxc6 bxc6 13. Bxc4 Bb4 14. Ke2 Ke7 15. Na2 Ba5 16. Bc5+ Ke8 17. b3 Nd7 18. Be3 Ke7 19. Rac1 Rhc8 20. Rhd1 Rc7 21. b4 Bb6 22. Bxb6 axb6 23. Bb5 Rac8 24. Ba6 Ra8 25. Bb5 Rac8 26. Ba6 1/2-1/2

[Event "Oberliga Nord W 1112"]
[Site "Germany"]
[Date "2012.03.18"]
[Round "8.7"]
[White "Usachyi, Vladimir"]
[Black "Van Son, Lutz"]
[Result "1/2-1/2"]
[WhiteElo "2162"]
[BlackElo "2031"]
[PlyCount "120"]
[EventDate "2011.10.02"]
[EventType "team-tourn"]
[EventRounds "9"]
[EventCountry "GER"]
[SourceTitle "EXT 2013"]
[Source "ChessBase"]
[SourceDate "2012.11.22"]
[SourceVersion "1"]
[SourceVersionDate "2012.11.22"]
[SourceQuality "1"]
[WhiteTeam "Hannover"]
[BlackTeam "Hameln"]
[WhiteTeamCountry "GER"]
[BlackTeamCountry "GER"]

1. d4 e6 2. c4 Nf6 3. Nc3 Bb4 4. e3 0-0 5. Bd3 c5 6. Nf3 Nc6 7. 0-0 Bxc3 8. bxc3 d6 9. e4 e5 10. dxc5 dxc5 11. Bg5 Qe7 12. Qe2 Rd8 13. Rad1 Bg4 14. h3 Bxf3 15. Qxf3 Rd6 16. Bc2 Rad8 17. Rxd6 Rxd6 18. Rd1 Rxd1+ 19. Qxd1 Qd7 20. Qe2 Ne7 21. Qe3 Qd6 22. f4 Nd7 23. f5 f6 24. Bh4 Nb6 25. Bf2 Nd7 26. Qc1 Nc6 27. Be3 Na5 28. Qf1 b6 29. Qe2 Nb8 30. Kf2 Qd7 31. Ke1 Qd6 32. g4 Nd7 33. h4 Kf8 34. g5 Kg8 35. Bc1 Nb7 36. Qh5 Qe7 37. Ke2 Kh8 38. Ke1 Nd6 39. Qe2 Qf7 40. Bb3 Nb7 41. Qd1 Nb8 42. Kf2 Qd7 43. Qd5 Qxd5 44. cxd5 Nd6 45. Ke3 Kg8 46. Kd3 Kf7 47. Bd1 Na6 48. Bh5+ Kf8 49. Ba3 Nc7 50. Be2 Ncb5 51. Bb2 Nc7 52. Ke3 Kf7 53. a4 Ke7 54. Bc1 Kf7 55. Kf3 Kf8 56. h5 Nf7 57. g6 hxg6 58. hxg6 Nd6 59. Ba3 Ke7 60. Bd3 Kd7 1/2-1/2

[Event "Oberliga Nord W 1112"]
[Site "Germany"]
[Date "2011.10.02"]
[Round "1.7"]
[White "Bauschmann, Christoph"]
[Black "Van Son, Lutz"]
[Result "0-1"]
[WhiteElo "1925"]
[BlackElo "2031"]
[PlyCount "70"]
[EventDate "2011.10.02"]
[EventType "team-tourn"]
[EventRounds "9"]
[EventCountry "GER"]
[SourceTitle "EXT 2013"]
[Source "ChessBase"]
[SourceDate "2012.11.22"]
[SourceVersion "1"]
[SourceVersionDate "2012.11.22"]
[SourceQuality "1"]
[WhiteTeam "Stade"]
[BlackTeam "Hameln"]
[WhiteTeamCountry "GER"]
[BlackTeamCountry "GER"]

1. e4 e6 2. d4 d5 3. Nc3 Bb4 4. e5 c5 5. a3 Bxc3+ 6. bxc3 Qc7 7. Qg4 f5 8. Qh5+ g6 9. Qd1 Ne7 10. Nf3 b6 11. Rb1 h6 12. Bb5+ Bd7 13. Be2 Nbc6 14. h4 Na5 15. Be3 cxd4 16. cxd4 Rc8 17. Ba6 Rd8 18. 0-0 Nc4 19. Bxc4 Qxc4 20. Qd2 Ng8 21. Rb4 Qa6 22. Qc1 Rc8 23. Nd2 Bb5 24. Re1 Kf7 25. Qb2 Bc4 26. Nxc4 Rxc4 27. Rd1 Ne7 28. Rd3 Kg7 29. Rxc4 dxc4 30. Rd1 Nd5 31. Bc1 c3 32. Qb3 Rc8 33. Rd3 Rc4 34. f3 b5 35. Kf2 Qb6 0-1

[Event "Oberliga Nord W 1011"]
[Site "Germany"]
[Date "2011.01.16"]
[Round "5.8"]
[White "Degro, Heiko"]
[Black "Van Son, Lutz"]
[Result "1/2-1/2"]
[WhiteElo "2041"]
[BlackElo "2046"]
[PlyCount "28"]
[EventDate "2010.10.10"]
[EventType "team-tourn"]
[EventRounds "9"]
[EventCountry "GER"]
[SourceTitle "EXT 2012"]
[Source "ChessBase"]
[SourceDate "2011.11.24"]
[SourceVersion "1"]
[SourceVersionDate "2011.11.24"]
[SourceQuality "1"]
[WhiteTeam "Hannover PSC"]
[BlackTeam "Hameln"]
[WhiteTeamCountry "GER"]
[BlackTeamCountry "GER"]

1. c4 e5 2. g3 Nc6 3. Nc3 f5 4. Nf3 Nf6 5. d4 e4 6. Ng5 Bb4 7. d5 Ne5 8. Qb3 Qe7 9. Bf4 Bxc3+ 10. Qxc3 d6 11. Bxe5 Qxe5 12. Qxe5+ dxe5 13. f4 exf4 14. gxf4 h6 1/2-1/2

[Event "Oberliga Nord W 0809"]
[Site "Germany"]
[Date "2009.03.15"]
[Round "8.8"]
[White "Van Son, Lutz"]
[Black "Schaar, Andreas"]
[Result "1-0"]
[WhiteElo "2024"]
[BlackElo "2003"]
[PlyCount "53"]
[EventDate "2008.10.05"]
[EventType "team-tourn"]
[EventRounds "9"]
[EventCountry "GER"]
[SourceTitle "EXT 2010"]
[Source "ChessBase"]
[SourceDate "2010.11.25"]
[SourceVersion "1"]
[SourceVersionDate "2010.11.25"]
[SourceQuality "1"]
[WhiteTeam "Hameln"]
[BlackTeam "Nordhorn Blanke"]
[WhiteTeamCountry "GER"]
[BlackTeamCountry "GER"]

1. e4 d5 2. exd5 Qxd5 3. Nc3 Qa5 4. d4 c6 5. Bc4 Bf5 6. Nf3 Nf6 7. Bd2 e6 8. Nd5 Qd8 9. Nxf6+ Qxf6 10. Bg5 Qg6 11. Qe2 Bg4 12. h4 Qf5 13. 0-0-0 Bd6 14. d5 Bxf3 15. gxf3 Bf4+ 16. Kb1 Bxg5 17. dxe6 0-0 18. exf7+ Kh8 19. hxg5 Qxg5 20. Qe4 h5 21. f4 Qh6 22. Rxh5 Qxh5 23. Rh1 g6 24. Qe5+ Kh7 25. Rxh5+ gxh5 26. Bd3+ Kh6 27. Qg5# 1-0